History Quiz

Random History or Country Quiz

Monarchs of the Benelux Countries Quiz Stats

 Plays Quiz not verified by Sporcle

Support Sporcle.
Go Orange.
Score 0/18 Timer 06:00
0 Plays Today
Years Monarch % Correct
1813-1840William I Frederick
87.6%
1840-1849William II
87.3%
1849-1890William III
86.5%
1980-presentBeatrix
82.8%
1831-1865Leopold I
82%
1865-1909Leopold II
81.6%
1934-1951Leopold III
77.9%
1909-1934Albert I
74.9%
1993-presentAlbert II
74.2%
Years Monarch % Correct
1890-1948Wilhelmina
70.8%
1948-1980Juliana
70.4%
2000-presentHenri
64%
1905-1912William IV
53.2%
1951-1993Baudouin I
47.6%
1964-2000Jean
44.2%
1919-1964Charlotte
29.6%
1912-1919Marie-Adélaïde
21.7%
1890-1905Adolphe I
18%

You're not logged in!

Compare scores with friends on all Sporcle quizzes.
OR
Log In

From the Vault

Multi-Word Capitals of the World

by etoile

Some cities are just so greedy with their names.
Remove Ads.
Support Sporcle.
Get the best of Sporcle when you Go Orange. This ad-free experience offers more features, more stats, and more fun while also helping to support Sporcle. Thank you for becoming a member.

Show Comments

Extras

Top Quizzes Today


Score Distribution

Your Account Isn't Verified!

In order to create a playlist on Sporcle, you need to verify the email address you used during registration. Go to your Sporcle Settings to finish the process.

Report this User

Report this user for behavior that violates our Community Guidelines.

Details: